Statistics for Artists That Have Worked with Eminem

Click here to take the quiz!

General Stats

  • This quiz has been taken 45 times
  • The average score is 18 of 104

Answer Stats

Artist% Correct
Dr Dre
90%
Rihanna
83%
Snoop Dogg
78%
50 Cent
71%
Kanye West
54%
Drake
51%
Lil Wayne
51%
Ed Sheeran
46%
Nate Dogg
46%
Jay-Z
44%
Juice Wrld
44%
Beyonce
41%
Kendrick Lamar
39%
Nicki Minaj
37%
Royce Da 5'9
37%
Skylar Grey
34%
D12
32%
Joyner Lucas
32%
Dre
27%
Elton John
27%
Obie Trice
27%
Proof
27%
Akon
24%
Pink
24%
Xzibit
24%
Bruno Mars
22%
Logic
22%
Busta Rhymes
20%
Nas
20%
Sia
20%
T.I.
20%
Yelawolf
17%
B.o.B.
15%
CeeLo Green
15%
DMX
15%
Gwen Stefani
15%
Lloyd Banks
15%
Slaughterhouse
15%
The Game
15%
Young M.A.
15%
Big Sean
12%
Bizarre
12%
Black Thought
12%
Cashis
12%
Ez Mil
12%
Jack Harlow
12%
Kid Cudi
12%
Nate Ruess
12%
Tech N9ne
12%
2 Chainz
10%
Alicia Keys
10%
Anderson.Paak
10%
DJ Premier
10%
Fat Joe
10%
Limp Bizkit
10%
Q-Tip
10%
Adam Levine
7%
Conway the Machine
7%
Cordae
7%
Denaun
7%
Grip
7%
Jessie Reyez
7%
Kehlani
7%
Kid Rock
7%
Krizz Kaliko
7%
Kuniva
7%
KXNG Crooked
7%
Mary J. Blige
7%
Missy Elliott
7%
Mozzy
7%
Polo G
7%
The Alchemist
7%
The Weeknd
7%
Westside Boogie
7%
Bobby Creekwater
5%
Boo Ya Tribe
5%
B-Real
5%
Danny Brown
5%
Dej Loaf
5%
Don Toliver
5%
Gangsta Boo
5%
Hayley Williams
5%
Joell Ortiz
5%
King Green
5%
Kobe
5%
Labrinth
5%
Trick Trick
5%
White Gold
5%
X Ambassadors
5%
Buckshot
2%
Candice Pillay
2%
Method Man
2%
Redman
2%
Sly Pyper
2%
Swifty McVay
2%
The Madd Rapper
2%
Tony Yayo
2%
Ty Dolla $ign
2%
DJ Clue
0%
EPMD
0%
Hittman
0%
MAJ
0%
Marilyn Manson
0%
The Observer
0%

Score Distribution

Percentile by Number Answered

Percent of People with Each Score

Your Score History

You have not taken this quiz